Kompjutery : Spravočnoje rukovodstvo

Guardado en:
Detalles Bibliográficos
Formato: Libro
Lenguaje:ruso
Publicado: Moskva : Mir, 1986
Etiquetas: Agregar Etiqueta
Sin Etiquetas, Sea el primero en etiquetar este registro!

MARC

LEADER 00000nam a22000003a 4500
001 stu57834
005 20141122012519.7
008 010510s1986----xxr-----------------rus-d
040 |a STU  |b slo 
041 0 |a rus 
044 |a xxr 
080 |a 681.3 
245 |a Kompjutery :  |b Spravočnoje rukovodstvo 
260 |a Moskva :  |b Mir,  |c 1986 
300 |a I :  |b 413 s.;II 
996 |c I*3S3497  |l I  |s A  |a 24  |w stu57834_0001